Don't Clichés - Statistics

General Stats
  • This quiz has been taken 89,100 times
    63,635 since last reset
  • The average score is 16 of 24
Answer Stats
Cliche % Correct
Don't judge a book by its {cover}
97%
Don't bite the hand that {feeds} {you}
91%
Don't bite off more than you can {chew}
90%
Don't count your chickens before they {hatch}
90%
Don't put all your eggs in {one} {basket}
89%
Don't {worry}, be happy
88%
Don't rain on my {parade}
87%
Don't rock the {boat}
82%
Don't hate the playa, hate the {game}
76%
Don't look a gift horse in the {mouth}
72%
Don't make mountain out of a {molehill}
72%
Don't bring a knife to a {gun} {fight}
71%
Don't go to bed {angry}
70%
Don't put the cart before the {horse}
66%
Don't quit your {day} {job}
66%
Don't burn the candle at {both} {ends}
58%
Don't sweat the {small} {stuff}
56%
Don't wear white after {Labor} {Day}
53%
Don't throw the baby out with the {bath} {water}
49%
Don't spit into the {wind}
32%
Don't trust anyone over {thirty}
31%
Don't throw good money {after} {bad}
26%
Don't take any {wooden} nickels
23%
Don't gild the {lily}
21%
No matching quizzes found
Score Distribution
Percent of People with Each Score
Percentile by Number Answered
Your Score History
You have not taken this quiz since the last reset